| 000 | 00482nam a22001697a 4500 | ||
|---|---|---|---|
| 003 | NUST - PNEC | ||
| 005 | 20170116180858.0 | ||
| 008 | 150831b xxu||||| |||| 00| 0 eng d | ||
| 020 | _a8122407501 | ||
| 040 | _cLIBRARY | ||
| 082 | _a620.0045 MUR | ||
| 100 |
_96131 _aMurty, R.L. |
||
| 245 |
_aPrecision engineering in manufacturing _cMurty, R.L. |
||
| 260 |
_aNew Delhi: _bNew Age International, _cc1996. |
||
| 650 |
_96132 _aMachine tools, mechanical works _xME |
||
| 942 |
_2ddc _cBK |
||
| 999 |
_c64873 _d64873 |
||